000 01030nam a2200289Ia 4500
008 130821s1956 mx gr spa
020 _a9681601319
040 _aCo-BoUCM
_bspa
041 _aspa
100 1 _aDilthey, Wilhelm
_d1833-1911
245 1 0 _aHistoria de la filosofía
_cWilhelm Dilthey; traducción, prólogo y bibliografía adiccional Eugenio Imaz
250 _a2a. ed.
260 _aMéxico D.F. (México)
_bFondo de Cultura Económica
_c1956
300 _a273 páginas
490 _aBrevarios Fondo de Cultura Económica
_v50
500 _aEl tercer ejemplar es reimpresión 1997.
504 _aIncluye índice y bibliografía
650 0 4 _aFilosofía alemana
_9201
650 0 4 _aFilosofía griega
_915815
650 0 4 _aFilosofía moderna
_915835
650 0 4 _aFilosofía
_975
650 0 4 _aFilosofía
_xHistoria
_975
700 1 _aImaz, Eugenio.
_etrad.
765 _tGundriss der allgemeinen Geschichte der Philosophie
942 _cLIBRO
_a2
_e2
_mD45
_2DEWEY
_h109
999 _c1699
_d1699